Statistics for Name a Valid Answer - Geography

Click here to take the quiz!

General Stats

  • This quiz has been taken 16,461 times
    (14,859 since last reset)
  • The average score is 15 of 20

Answer Stats

Condition Answer % Correct
Official languages of SwitzerlandFrench | German | Italian | Romansh
98%
South American countries which don't border BrazilChile | Ecuador
96%
Countries that are considered city statesMonaco | Singapore | Vatican City
95%
Regions of Oceania ending in "esia"Melanesia | Micronesia | Polynesia
92%
Capitals of South AfricaBloemfontein | Cape Town | Pretoria
91%
Great Lakes of North AmericaErie | Huron | Michigan | Ontario | Superior
91%
Capitals of the Nordic countriesCopenhagen | Helsinki | Oslo | Reykjavík | Stockholm
90%
U.S. states that meet at the "Four Corners"Arizona | Colorado | New Mexico | Utah
83%
Italian volcanos which have been active
in the last 100 years
Etna | Stromboli | Vesuvius
83%
Five largest Indonesian islandsNew Guinea | Borneo | Sumatra | Sulawesi | Java
81%
French overseas possessions in the AmericasFrench Guiana | Guadeloupe | Martinique |
Saint Pierre and Miquelon | Saint Martin |
Saint Barthélemy | Clipperton Island
76%
Six most populous urban areas located in desertsKarachi | Cairo | Tehran | Lima | Baghdad | Riyadh
73%
Three longest river systems in Africa other than the NileCongo | Niger | Zambezi
72%
Four main islands of JapanHonshu | Hokkaido | Kyushu | Shikoku
69%
Three territories of CanadaNorthwest Territories | Nunavut | Yukon
65%
Seas and gulfs that border IndiaAndaman Sea | Arabian Sea | Bay of Bengal |
Laccadive Sea
63%
Three largest Mexican cities on the U.S. borderTijuana | Ciudad Juarez | Mexicali
62%
India's ten most populous cities, other than
Delhi, Mumbai, and Kolkata
Bangalore | Chennai | Hyderabad | Ahmedabad |
Pune | Surat | Jaipur
61%
Countries of the MaghrebAlgeria | Libya | Mauritania | Morocco | Tunisia
61%
Köppen climate groupstropical | dry | temperate | continental | polar
44%

Score Distribution

Percentile by Number Answered

Percent of People with Each Score

Your Score History

You have not taken this quiz since the last reset